| 000 | 00000cam 2200000zi 4500 |
| 001 | 9.927233 |
| 003 | CaOODSP |
| 005 | 20251212144955 |
| 006 | m o d f |
| 007 | cr bn||||||||| |
| 008 | 230213s1995 quca ob f000 0 fre d |
| 040 | |aCaOODSP|bfre|erda|cCaOODSP |
| 043 | |an-cn-qu |
| 086 | 1 |aEn154-258/1995F-PDF |
| 100 | 1 |aPelletier, Émilien, |eauteur. |
| 245 | 10|aDéveloppement d'une méthode d'évaluation de l'impact des HAP sur les organismes aquatiques / |cÉmilien Pelletier, Pierre Beland et Nancy Blouin. |
| 264 | 1|a[Québec] : |bInstitut national d'écotoxicologie du Saint-Laurent = St. Lawrence National Institute of Ecotoxicology, |c[1995?] |
| 300 | |a1 ressource en ligne (22 pages) : |billustrations |
| 336 | |atexte|btxt|2rdacontent/fre |
| 337 | |ainformatique|bc|2rdamedia/fre |
| 338 | |aressource en ligne|bcr|2rdacarrier/fre |
| 500 | |a« Soumis à : Conservation et protection, Environnement Canada, Région du Québec. » |
| 500 | |a« Contrat # KA313-9-3949. » |
| 500 | |aÉdition numérisée de l'imprimé [par Environnement et changement climatique Canada]. |
| 504 | |aComprend des références bibliographiques (pages 21-22). |
| 650 | 6|aHydrocarbures aromatiques|xEffets physiologiques|zQuébec (Province)|zSaint-Laurent, Estuaire du. |
| 650 | 6|aBéluga|xEffets des produits chimiques sur|zQuébec (Province)|zSaint-Laurent, Estuaire du. |
| 650 | 6|aCerveau|xEffets des produits chimiques sur. |
| 650 | 6|aFoie|xEffets des produits chimiques sur. |
| 650 | 0|aPolycyclic aromatic hydrocarbons|xPhysiological effect|zQuébec (Province)|zSaint Lawrence River Estuary. |
| 650 | 0|aWhite whale|xEffect of chemicals on|zQuébec (Province)|zSaint Lawrence River Estuary. |
| 650 | 0|aBrain|xEffect of chemicals on. |
| 650 | 0|aLiver|xEffect of chemicals on. |
| 710 | 1 |aCanada. |bConservation et protection. |bRégion du Québec, |eorganisme de publication. |
| 856 | 40|qPDF|s449 KB|uhttps://publications.gc.ca/collections/collection_2025/eccc/en154/En154-258-1995-fra.pdf |